Thông tư 29/2014/TT-BTNMT quy định chi tiết việc lập, điều chỉnh quy hoạch, kế hoạch sử dụng đất
Gorde:
| Formatua: | Liburua |
|---|---|
| Argitaratua: |
Hà Nội
2014
|
| Gaiak: | |
| Etiketak: |
Etiketa erantsi
Etiketarik gabe, Izan zaitez lehena erregistro honi etiketa jartzen!
|
| Thư viện lưu trữ: | Trung tâm Học liệu Lê Vũ Hùng, Trường Đại học Đồng Tháp |
|---|
| LEADER | 00755pam a22002298a 4500 | ||
|---|---|---|---|
| 001 | 00039108 | ||
| 005 | 20171026081025.0 | ||
| 008 | 170517s2014 ||||||Viesd | ||
| 041 | 0 | # | |a Vie |
| 082 | 1 | 4 | |a 346.597 |b TH455T |
| 245 | 1 | 0 | |a Thông tư 29/2014/TT-BTNMT quy định chi tiết việc lập, điều chỉnh quy hoạch, kế hoạch sử dụng đất |
| 260 | # | # | |a Hà Nội |c 2014 |
| 300 | # | # | |a 47tr. |
| 653 | # | # | |a Kế hoạch |
| 653 | # | # | |a Sử dụng |
| 653 | # | # | |a Việc làm |
| 852 | # | # | |b Kho mượn |j KM.0023041 |
| 852 | # | # | |b Kho đọc |j KD.0022173 |
| 852 | # | # | |j KD.0022173 |j KM.0023041 |
| 910 | |d 17/05/2017 | ||
| 980 | # | # | |a Trung tâm Học liệu Lê Vũ Hùng, Trường Đại học Đồng Tháp |